Azangar bajahath ki kahaniyom meim vyavastha virodhi swar/ (Record no. 168103)

000 -LEADER
fixed length control field 00283nam a22001097a 4500
082 ## - DEWEY DECIMAL CLASSIFICATION NUMBER
Classification number
Item number
100 ## - MAIN ENTRY--PERSONAL NAME
Personal name Ambedkar Baburav
245 ## - TITLE STATEMENT
Title Azangar bajahath ki kahaniyom meim vyavastha virodhi swar/
Statement of responsibility, etc. by Ambedkar Baburav.
260 ## - PUBLICATION, DISTRIBUTION, ETC.
Place of publication, distribution, etc. Mathura,
Name of publisher, distributor, etc. Jawahar,
Date of publication, distribution, etc.
650 ## - SUBJECT ADDED ENTRY--TOPICAL TERM
Topical term or geographic name entry element
942 ## - ADDED ENTRY ELEMENTS (KOHA)
Koha item type Book
Holdings
Withdrawn status Lost status Damaged status Not for loan Permanent Location Current Location Shelving location Date acquired Total Checkouts Barcode Date last seen Price effective from Koha item type
        RC Thiruvananthapuram RC Thiruvananthapuram   19.11.2018   TV014612 19.11.2018 19.11.2018 Book